000 00761nam a22002057a 4500
003 UA-OsUOA
001 43680
007 ta
008 20091022b un ||||| |||| 00| 0 ukr d
090 _a050
_bВ55
942 _cMG
040 _aUA-OsUOA
_bukr
_cUA-OsUOA
_dUA-OsUOA
245 _aВісник
_b1987: зима, Ч.5; весна, Ч.6; літо, Ч.7; 1988: літо, Ч.11; 1995: весна, Ч.1; 1998: весна, Ч.1; 2000: зима, Ч.4; 2001: зима, Ч.4
955 _a4
041 _aukr
080 _a050
246 3 1 _aVisnyk/The Herald
650 7 _a050 Серійні публікації. Періодика галузі, Організація та інші типи поєднання (співробітництва)
_2UDC
999 _c442156
_d442156